GLOBAL warming and other eco-myths : how the environmental movement uses false science to scare us to death

Bibliographic Details
Corporate Author: Competitive Enterprise Institute
Other Authors: Bailey
Format: Book
Published: Roseville, Calif. : Forum , 2002
Subjects:

MARC

LEADER 00000cam a2200000 7i4500
001 0000002286
005 20030523.0
020 0 0 |a 0761536604 
090 0 0 |a 363.7   |b GLO 2002 
245 0 0 |a GLOBAL warming and other eco-myths :   |b how the environmental movement uses false science to scare us to death   |c Ronald Bailey, editor 
260 0 0 |a Roseville, Calif. :   |b Forum ,   |c 2002 
300 |a xxiv, 423 p. :   |b ill. ;   |c 24 cm. 
500 0 0 |a Includes bibliographical references : (p. 373-408) and index 
650 0 0 |a Deep ecology 
650 0 0 |a Environmentalism 
700 0 1 |a Bailey   |h Ronald 
710 1 1 |a Competitive Enterprise Institute 
998 |a JPSM 
999 |a 0000004165   |b Monograph   |c Open Shelf   |e Default branch